Muammer Tuksavul Turhal Şeker Fabrikası özelleştirme etüdü (Record no. 5667)

MARC details
000 -BAŞLIK
Sabit Uzunlukta Kontrol Alanı 00800na a2200253 4500
001 - KONTROL NUMARASI
Denetim Alanı 18412
003 - KONTROL NUMARASI IDENTIFIER
Denetim Alanı MIRAKIL
005 - SON İŞLEM TARİHİ VE ZAMANI
Denetim Alanı 20181213155043.0
008 - SABİT-BOY VERİ ELEMANLARI - GENEL BİLGİLER
Sabit Uzunlukta Kontrol Alanı 170131b tu 000 0
040 ## - KATALOGLAMA KAYNAK
Orijinal Kataloglama Ajansı Milas
Kataloglama Dili tur
Metne Dönüştürmek Ajansı TR-AnCHP
041 ## - DİL KODU
Metin / Ses Parça Veya Ayrı Başlığın Dil Kodu tur
082 ## - DEWEY ONLU SINIFLANDIRMA NUMARASI
Sınıflandırma Numarası 338.6046
Ürün Numarası Y44m 2016
090 ## - SINIFLAMA NUMARASI
Sınıflama Numarası 338.6046 Y44m 2016
100 ## - ANA GİRİŞ - KİŞİSEL İSİM
Kişisel Ad Yılmaz, Güngör
245 ## - BAŞLIK TABLOSU
Başlık Muammer Tuksavul Turhal Şeker Fabrikası özelleştirme etüdü
Sorumluluk Tablosu, Vb Güngör Yılmaz, Salih Barışık, Esen Oruç
260 ## - YAYIN, DAĞITIM, VB
Yayın, Dağıtım, Vb Yeri [Tokat]
Yayıncı, Dağıtıcı, Vs Adı TOPEK A.Ş.
Yayın, Dağıtım, Vb Tarihi 2016
300 ## - FİZİKSEL TANIM
Kapsam 149 s.
Diğer Fiziksel Ayrıntıları res.,hrt.,tbl.
Boyutlar 30 sm.
610 ## - KONU KATMA GİRİŞ - TOPLANTI ADI
Giriş Elemanı Olarak Kurumsal Ad Veya Yargı Alanı Adı Turhal Şeker Fabrikası
Genel Alt Bölüm özelleştirme
650 ## - KONU KATMA GİRİŞ - TOPİKAL DÖNEM
Topikal Süreli Veya Coğrafi Ad Giriş Elemanı Özelleştirme
Coğrafi Alt Bölümü Türkiye
700 ## - KATMA GİRİŞ - KİŞİSEL İSİM
Kişisel Ad Barışık, Salih
700 ## - KATMA GİRİŞ - KİŞİSEL İSİM
Kişisel Ad Oruç, Esen
710 ## - KATMA GİRİŞ - KURUMSAL ADI
Giriş Elemanı Olarak Kurumsal Ad Veya Yargı Alanı Adı Turhal Pancar Ekicileri Kooperatifi (TOPEK)
942 ## - EKLENDİ GİRİŞ ELEMANLARI (KOHA)
Sınıflandırma Veya Raf Düzeni Kaynak Dewey Decimal Classification
Koha Öğesi Türü Books
999 ## - SİSTEM KONTROL NUMARALARI (KOHA)
Koha Biblionumber 5667
Koha Biblioitemnumber 5667
Holdings
Kalıcı Konum Mevcut Konum Edinme Tarihi Edinim Kaynak Toplam Check-Out'Lar Tam Çağrı Numarası Barkod Tarih Son Görülme İtibaren Geçerli Fiyatlar Koha Öğesi Türü
CHP Kütüphanesi CHP Kütüphanesi 11/17/2016 Bağış   338.6046 Y44m 2016 009870 11/17/2016 11/17/2016 Books